2017 NBA Playoffs - Statistics

General Stats
  • This quiz has been taken 1,286 times
  • The average score is 13 of 16
Answers on the Map
Answers color-coded by a green-red scale on the quiz's map according to % correct below.
 
Answer Stats
Team % Correct
Golden State Warriors
99%
Cleveland Cavaliers
98%
Boston Celtics
94%
Houston Rockets
87%
Oklahoma City Thunder
86%
Toronto Raptors
86%
San Antonio Spurs
85%
Indiana Pacers
82%
Los Angeles Clippers
80%
Milwaukee Bucks
80%
Portland Trailblazers
77%
Atlanta Hawks
75%
Utah Jazz
72%
Chicago Bulls
71%
Washington Wizards
71%
Memphis Grizzlies
66%
No matching quizzes found
Score Distribution
Percent of People with Each Score
Percentile by Number Answered
Your Score History
You have not taken this quiz